| 000 | 01104pam a2200301 a 4500 | ||
|---|---|---|---|
| 001 | 1996996 | ||
| 003 | OSt | ||
| 005 | 20140310184439.0 | ||
| 008 | 901012s1991 nyua j 000 0 eng | ||
| 010 | _a 90021269 | ||
| 020 | _a0590433660 | ||
| 040 |
_aDLC _cDLC _dDLC |
||
| 042 | _alcac | ||
| 050 | 0 | 0 |
_aQL 768 _b.D67 1991 |
| 100 | 1 |
_aDorros, Arthur. _927453 |
|
| 245 | 1 | 0 |
_aAnimal tracks / _cwritten and illustrated by Arthur Dorros. |
| 260 |
_aNew York : _bScholastic, _cc1991. |
||
| 300 |
_a1 v. (unpaged) : _bcol. ill. ; _c21 x 26 cm. |
||
| 520 | _aIntroduces the tracks and signs left by various animals, including the raccoon, duck, frog, black bear, and human. | ||
| 521 | _aG3 | ||
| 526 | _c540 | ||
| 650 | 0 |
_aAnimal tracks _xJuvenile literature. _927454 |
|
| 650 | 1 |
_aAnimal tracks. _927455 |
|
| 906 |
_a7 _bcbc _corignew _d1 _eocip _f19 _gy-gencatlg |
||
| 942 |
_2lcc _cBK-SCHOLAS |
||
| 999 |
_c34444 _d34444 |
||